000 00244nam a22001097a 4500
999 _c13944
_d13944
082 _a005
100 _aJames A. O'Brien ; George M. Marakas
245 _aManagement Information Systems
250 _aTenth Edition
300 _a673
942 _cBK